| 000 | 00445nam a22001817a 4500 | ||
|---|---|---|---|
| 003 | NUST - PNEC | ||
| 005 | 20170116180846.0 | ||
| 008 | 150824b xxu||||| |||| 00| 0 eng d | ||
| 020 | _a812192524X | ||
| 020 | _a8121901324 | ||
| 040 | _cLIBRARY | ||
| 082 | _a621.811 KHU | ||
| 100 |
_95475 _aKhurmi, R. S. |
||
| 245 |
_aTheory of machines _cR.S. Khurmi |
||
| 260 | _cc.1998 | ||
| 650 |
_95477 _aMechanical engineering _xME |
||
| 942 |
_2ddc _cBK |
||
| 999 |
_c64477 _d64477 |
||